Statistics for gabes logos

Click here to take the quiz!

General Stats

  • This quiz has been taken 226 times
  • The average score is 12 of 15

Answer Stats

Answer% Correct
apple
100%
bmw
100%
facebook
100%
audi
98%
jaguar
98%
starbucks
93%
mercedes
91%
ferrari
89%
ram
80%
whatsapp
80%
mitsubishi
78%
mustang
78%
bitcoin
53%
wordpress
44%
shelby
42%

Score Distribution

Percentile by Number Answered

Percent of People with Each Score

Your Score History

You have not taken this quiz